[Event "Polanica Zdroj op 59th"]
[Site "Polanica Zdroj"]
[Date "2023.08.26"]
[Round "8"]
[White "Bachor, Tomasz"]
[Black "Hetzer, Volkhard"]
[Result "1-0"]
[WhiteElo "2025"]
[BlackElo "1933"]
[PlyCount "87"]
[EventDate "2023.08.19"]
[EventType "swiss"]
[EventRounds "9"]
[EventCountry "POL"]
[SourceTitle "CBM 215 Extra"]
[Source "ChessBase"]
[SourceDate "2023.09.30"]
[SourceVersion "1"]
[SourceVersionDate "2023.09.30"]
[SourceQuality "1"]

1. Nf3 Nc6 2. d4 d5 3. Bf4 Bf5 4. e3 e6 5. Bd3 Bg6 6. 0-0 Nf6 7. c3 Bd6 8. Bxg6 hxg6 9. Qb3 Rb8 10. Nbd2 Rh5 11. Rfe1 Kf8 12. Bxd6+ Qxd6 13. e4 dxe4 14. Nxe4 Nxe4 15. Rxe4 Qd5 16. Qa3+ Qd6 17. Qb3 Qd5 18. Qxd5 exd5 19. Re2 Re8 20. Rae1 Rxe2 21. Rxe2 f6 22. Ne1 Kf7 23. Nd3 Rh8 24. Nf4 Rd8 25. Kf1 Rd6 26. h4 Nd8 27. g4 Ne6 28. Nxe6 Rxe6 29. Rxe6 Kxe6 30. Ke2 c6 31. Ke3 Ke7 32. Kf4 Kd7 33. h5 gxh5 34. gxh5 Ke6 35. b4 Kf7 36. Kf5 b6 37. a4 a6 38. a5 bxa5 39. bxa5 Ke7 40. Kg6 Kf8 41. f4 Kg8 42. h6 gxh6 43. Kxh6 Kf8 44. Kg6 1-0

[Event "Polanica Zdroj op 59th"]
[Site "Polanica Zdroj"]
[Date "2023.08.19"]
[Round "1"]
[White "Demski, Michal"]
[Black "Hetzer, Volkhard"]
[Result "0-1"]
[WhiteElo "2097"]
[BlackElo "1933"]
[PlyCount "96"]
[EventDate "2023.08.19"]
[EventType "swiss"]
[EventRounds "9"]
[EventCountry "POL"]
[SourceTitle "CBM 215 Extra"]
[Source "ChessBase"]
[SourceDate "2023.09.30"]
[SourceVersion "1"]
[SourceVersionDate "2023.09.30"]
[SourceQuality "1"]

1. e4 e6 2. d3 d5 3. Nd2 c5 4. Ngf3 Nc6 5. g3 g6 6. Bg2 Bg7 7. 0-0 Nge7 8. Re1 0-0 9. Qe2 b6 10. h4 a5 11. e5 Nf5 12. c3 Ba6 13. a4 Rb8 14. Nf1 h6 15. N1h2 b5 16. axb5 Rxb5 17. Ng4 Qe7 18. Bf4 Rfb8 19. Nf6+ Kh8 20. Ra2 Qb7 21. g4 Nfe7 22. Rb1 Rb3 23. Nd2 Rb6 24. Bf1 Qc7 25. Bg3 Qd8 26. Bf4 R8b7 27. Nf3 Qb8 28. Qd2 Ng8 29. d4 cxd4 30. cxd4 Bxf1 31. Kxf1 Rb3 32. Kg2 R7b4 33. g5 h5 34. Be3 Qb5 35. Nxg8 Kxg8 36. Ne1 a4 37. Nc2 Rxb2 38. Nxb4 Rxd2 39. Bxd2 Nxd4 40. Be3 Nf5 41. Rc2 Nxe3+ 42. fxe3 Bxe5 43. Kf3 a3 44. Ra2 Bb2 45. Raxb2 axb2 46. Rxb2 Qf1+ 47. Rf2 Qh3+ 48. Ke2 Qg4+ 0-1

[Event "Warsaw Najdorf Memorial op-A"]
[Site "Warsaw"]
[Date "2023.07.13"]
[Round "3"]
[White "Hetzer, Volkhard"]
[Black "Korbal, Arkadiusz"]
[Result "0-1"]
[WhiteElo "1952"]
[BlackElo "2080"]
[PlyCount "152"]
[EventDate "2023.07.11"]
[EventType "swiss"]
[EventRounds "9"]
[EventCountry "POL"]
[SourceTitle "EXT 2024"]
[Source "ChessBase"]
[SourceDate "2023.10.10"]
[SourceVersion "1"]
[SourceVersionDate "2023.10.10"]
[SourceQuality "1"]

1. b3 d5 2. Bb2 Bf5 3. Nf3 e6 4. g3 Nf6 5. d3 Bd6 6. Nbd2 Nbd7 7. Bg2 h5 8. c4 c6 9. Qc2 Bh7 10. 0-0 0-0 11. Rfe1 e5 12. e4 d4 13. a3 c5 14. Rab1 Ng4 15. Nh4 Nh6 16. Bc1 g5 17. Ndf3 f6 18. Qe2 Kg7 19. Qd2 Rf7 20. Bh3 Nf8 21. Rf1 Ng8 22. Nf5+ Kh8 23. Nxd6 Qxd6 24. Bg2 Ng6 25. b4 b6 26. a4 Nf8 27. Ba3 Ne6 28. Qe2 Ne7 29. Nd2 g4 30. f3 Rg8 31. fxg4 hxg4 32. Rf2 Nc6 33. bxc5 bxc5 34. Rbf1 Nc7 35. Nb3 Na6 36. Qd2 Nab4 37. Rb1 Rb7 38. Rbf1 Rg6 39. Nc1 Bg8 40. Qd1 Rh7 41. Na2 a5 42. Nc1 Bf7 43. Nb3 Be8 44. Bxb4 Nxb4 45. Nxa5 Ra7 46. Nb3 Bxa4 47. Qb1 Bxb3 48. Qxb3 Kg7 49. Rd1 Ra5 50. Bf1 Qa6 51. Rb1 Ra3 52. Qd1 Qa4 53. Qxa4 Rxa4 54. Rfb2 Rg5 55. Be2 Kf7 56. Kg2 Ke6 57. Rb3 Ra8 58. Kg1 Rg7 59. Kh1 f5 60. exf5+ Kxf5 61. Rf1+ Kg5 62. Rb2 Rga7 63. Kg2 Ra2 64. Rfb1 Rxb2 65. Rxb2 Ra3 66. Rd2 Rc3 67. h3 gxh3+ 68. Kxh3 e4 69. dxe4 Re3 70. Bf1 Rxe4 71. Be2 d3 72. Bd1 Rxc4 73. g4 Rc1 74. Ba4 Nd5 75. Bb5 Rc2 76. Rd1 d2 0-1

[Event "Polanica Zdroj op-A 58th"]
[Site "Polanica Zdroj"]
[Date "2022.08.15"]
[Round "3"]
[White "Dziewonski, Dariusz"]
[Black "Hetzer, Volkhard"]
[Result "1-0"]
[WhiteElo "2029"]
[BlackElo "1921"]
[PlyCount "93"]
[EventDate "2022.08.13"]
[EventType "swiss"]
[EventRounds "9"]
[EventCountry "POL"]
[SourceTitle "CBM 210 Extra"]
[Source "ChessBase"]
[SourceDate "2022.11.30"]
[SourceVersion "1"]
[SourceVersionDate "2022.11.30"]
[SourceQuality "1"]

1. e4 e5 2. Nf3 Nc6 3. Bc4 Nf6 4. Ng5 d5 5. exd5 b5 6. Bf1 Nd4 7. c3 Nxd5 8. cxd4 Qxg5 9. Bxb5+ Kd8 10. 0-0 Bb7 11. Qf3 Rb8 12. dxe5 Ne3 13. Qh3 Qxg2+ 14. Qxg2 Nxg2 15. d4 Be7 16. f4 Nh4 17. Be2 Bg2 18. Rd1 Rb6 19. Kf2 Bh3 20. Nd2 Rg6 21. Rg1 Nf5 22. Nf3 Rxg1 23. Kxg1 Bg4 24. Bd3 Kc8 25. Bxf5+ Bxf5 26. Kf2 Be4 27. Be3 Kb7 28. Nd2 Bd5 29. b3 Re8 30. Nc4 Bh4+ 31. Ke2 Be4 32. Rg1 g6 33. Bf2 Be7 34. Rd1 Rd8 35. Ne3 Bd5 36. Nxd5 Rxd5 37. Rc1 Ra5 38. a4 Rd5 39. Kd3 c6 40. Kc4 a6 41. Rd1 Kc8 42. Rd3 Bf8 43. Rh3 h6 44. f5 Kd7 45. fxg6 fxg6 46. Rf3 Be7 47. Rf7 1-0

[Event "Davos Challenge op"]
[Site "Davos"]
[Date "2022.06.06"]
[Round "7"]
[White "Buehler, Michael"]
[Black "Hetzer, Volkhard"]
[Result "1/2-1/2"]
[WhiteElo "2080"]
[BlackElo "1894"]
[PlyCount "32"]
[EventDate "2022.06.03"]
[EventType "swiss"]
[EventRounds "7"]
[EventCountry "SUI"]
[SourceTitle "CBM 208 Extra"]
[Source "ChessBase"]
[SourceDate "2022.07.31"]
[SourceVersion "1"]
[SourceVersionDate "2022.07.31"]
[SourceQuality "1"]

1. d4 g6 2. c4 Bg7 3. g3 Nf6 4. Bg2 0-0 5. Nf3 d6 6. 0-0 Nc6 7. Nc3 a6 8. b3 Bd7 9. Bg5 h6 10. Bf4 Rb8 11. Rc1 b5 12. cxb5 axb5 13. d5 Na5 14. Nd4 b4 15. Na4 e5 16. dxe6 Bxe6 1/2-1/2

[Event "Rubinstein Memorial op-A 57th"]
[Site "Polanica Zdroj"]
[Date "2021.08.21"]
[Round "8"]
[White "Hetzer, Volkhard"]
[Black "Stachecki, Mikolaj"]
[Result "1/2-1/2"]
[WhiteElo "1925"]
[BlackElo "1841"]
[PlyCount "53"]
[EventDate "2021.08.14"]
[EventType "swiss"]
[EventRounds "9"]
[EventCountry "POL"]
[SourceTitle "CBM 203 Extra"]
[Source "ChessBase"]
[SourceDate "2021.09.30"]
[SourceVersion "1"]
[SourceVersionDate "2021.09.30"]
[SourceQuality "1"]

1. d4 d5 2. Nf3 e6 3. e3 Nf6 4. Bd3 Be7 5. Nbd2 Nbd7 6. 0-0 0-0 7. Qe2 c5 8. c3 b6 9. e4 dxe4 10. Nxe4 Bb7 11. Rd1 Qc7 12. Bg5 Nd5 13. Bxe7 Nxe7 14. Rac1 Nd5 15. Bb1 N7f6 16. Nxf6+ Nxf6 17. Ne5 Rfd8 18. dxc5 Qxc5 19. Rxd8+ Rxd8 20. Rd1 Rd5 21. Rxd5 Qxd5 22. f3 Kf8 23. Kf2 Ke7 24. b3 h6 25. Qe3 Qd1 26. Qd3 Qxd3 27. Bxd3 1/2-1/2

[Event "Rubinstein Memorial op-A 57th"]
[Site "Polanica Zdroj"]
[Date "2021.08.20"]
[Round "7"]
[White "Hetzer, Volkhard"]
[Black "Madajczak, Piotr"]
[Result "1/2-1/2"]
[WhiteElo "1925"]
[BlackElo "1853"]
[PlyCount "70"]
[EventDate "2021.08.14"]
[EventType "swiss"]
[EventRounds "9"]
[EventCountry "POL"]
[SourceTitle "CBM 203 Extra"]
[Source "ChessBase"]
[SourceDate "2021.09.30"]
[SourceVersion "1"]
[SourceVersionDate "2021.09.30"]
[SourceQuality "1"]

1. e4 c5 2. Nf3 Nc6 3. Bb5 g6 4. 0-0 Bg7 5. c3 Nf6 6. Re1 0-0 7. d4 cxd4 8. cxd4 d5 9. e5 Ne4 10. Nc3 Nxc3 11. bxc3 Qa5 12. a4 Bg4 13. Bb2 Rac8 14. h3 Bxf3 15. Qxf3 Qd8 16. Ba3 a6 17. Bxc6 Rxc6 18. Rab1 b6 19. Qd3 a5 20. Rb5 Qc7 21. Bb2 e6 22. Qd1 Rc8 23. Qb3 Bh6 24. Re2 Bg5 25. g3 h5 26. Kg2 Bc1 27. Ba1 Bh6 28. Qd1 Ra8 29. Qb1 Ra6 30. Qb3 Kf8 31. Bb2 Ke8 32. Rc2 Bf8 33. Bc1 Kd8 34. Bg5+ Be7 35. Bc1 Bf8 1/2-1/2

[Event "Rubinstein Memorial op-A 57th"]
[Site "Polanica Zdroj"]
[Date "2021.08.16"]
[Round "3"]
[White "Hetzer, Volkhard"]
[Black "Zalega, Maciej"]
[Result "0-1"]
[WhiteElo "1925"]
[BlackElo "1859"]
[PlyCount "96"]
[EventDate "2021.08.14"]
[EventType "swiss"]
[EventRounds "9"]
[EventCountry "POL"]
[SourceTitle "CBM 203 Extra"]
[Source "ChessBase"]
[SourceDate "2021.09.30"]
[SourceVersion "1"]
[SourceVersionDate "2021.09.30"]
[SourceQuality "1"]

1. Nf3 Nf6 2. c4 g6 3. Nc3 Bg7 4. d4 d6 5. Bg5 0-0 6. e3 Nbd7 7. Qc2 c5 8. d5 h6 9. Bh4 Ne8 10. Be2 Ne5 11. Nd2 Nc7 12. h3 f5 13. f4 Nf7 14. g4 a6 15. Rg1 Nh8 16. Bd3 Qe8 17. 0-0-0 b5 18. gxf5 Bxf5 19. Bxf5 Rxf5 20. Rg4 Qf7 21. Rf1 bxc4 22. e4 Rh5 23. Qa4 Rb8 24. e5 Nxd5 25. Nxd5 Qxd5 26. Qxc4 Qxc4+ 27. Nxc4 Rb4 28. Ne3 dxe5 29. Nd5 Rc4+ 30. Kb1 exf4 31. Rfxf4 Rxf4 32. Nxf4 Rxh4 33. Rxh4 g5 34. Rg4 gxf4 35. Rxf4 Bd4 36. Rf3 Ng6 37. Ra3 Nf4 38. Rxa6 Kg7 39. Ra3 e5 40. Rf3 Kf6 41. a4 Kf5 42. a5 e4 43. Rf1 e3 44. a6 e2 45. Re1 c4 46. Kc2 Ke4 47. Kd2 Kf3 48. Ra1 Kf2 0-1

[Event "Rubinstein Memorial 56th"]
[Site "Polanica Zdroj"]
[Date "2020.08.19"]
[Round "5"]
[White "Hetzer, Volkhard"]
[Black "Stachecki, Mikolaj"]
[Result "1/2-1/2"]
[WhiteElo "1911"]
[BlackElo "1806"]
[PlyCount "68"]
[EventDate "2020.08.15"]
[EventType "swiss"]
[EventRounds "9"]
[EventCountry "POL"]
[SourceTitle "CBM 197 Extra"]
[Source "ChessBase"]
[SourceDate "2020.09.30"]
[SourceVersion "1"]
[SourceVersionDate "2020.09.30"]
[SourceQuality "1"]

1. Nf3 Nf6 2. c4 g6 3. Nc3 Bg7 4. g3 0-0 5. Bg2 d6 6. 0-0 Nc6 7. Rb1 a5 8. a3 e5 9. d3 Re8 10. Nd2 Nd4 11. e3 Ne6 12. b4 axb4 13. axb4 c6 14. Bb2 d5 15. cxd5 cxd5 16. Nf3 d4 17. exd4 Nxd4 18. Nxd4 exd4 19. Nb5 Qb6 20. Nxd4 Bg4 21. Bf3 Nd5 22. Qb3 Bxd4 23. Bxd4 Qxd4 24. Bxd5 Be6 25. Bxe6 Rxe6 26. Rfe1 Rea6 27. Re4 Qd7 28. Rbe1 Ra3 29. Qc4 Qxd3 30. Re8+ Rxe8 31. Rxe8+ Kg7 32. Qxd3 Rxd3 33. Re7 b6 34. Rb7 Rd6 1/2-1/2

[Event "Warsaw Przepiorka Memorial"]
[Site "Warsaw"]
[Date "2019.12.30"]
[Round "8"]
[White "Skurniak, Szymon"]
[Black "Hetzer, Volkhard"]
[Result "1/2-1/2"]
[WhiteElo "2030"]
[BlackElo "1927"]
[PlyCount "31"]
[EventDate "2019.12.27"]
[EventType "swiss"]
[EventRounds "9"]
[EventCountry "POL"]
[SourceTitle "CBM 194 Extra"]
[Source "ChessBase"]
[SourceDate "2020.03.31"]
[SourceVersion "1"]
[SourceVersionDate "2020.03.31"]
[SourceQuality "1"]

1. e4 e5 2. Nf3 Nc6 3. Bc4 Nf6 4. d3 Be7 5. Nc3 d6 6. 0-0 0-0 7. a4 Be6 8. Bxe6 fxe6 9. Ne2 Qd7 10. c3 a5 11. Ng3 h6 12. Be3 Rf7 13. h3 Raf8 14. Nh2 Nh7 15. Qg4 Bg5 16. Qe2 1/2-1/2

[Event "Warsaw Przepiorka Memorial"]
[Site "Warsaw"]
[Date "2019.12.29"]
[Round "5"]
[White "Hetzer, Volkhard"]
[Black "Zarebska, Lena"]
[Result "1/2-1/2"]
[WhiteElo "1927"]
[BlackElo "1915"]
[PlyCount "70"]
[EventDate "2019.12.27"]
[EventType "swiss"]
[EventRounds "9"]
[EventCountry "POL"]
[SourceTitle "CBM 194 Extra"]
[Source "ChessBase"]
[SourceDate "2020.03.31"]
[SourceVersion "1"]
[SourceVersionDate "2020.03.31"]
[SourceQuality "1"]

1. Nf3 Nf6 2. c4 g6 3. Nc3 Bg7 4. g3 0-0 5. Bg2 c5 6. 0-0 Nc6 7. d4 cxd4 8. Nxd4 Nxd4 9. Qxd4 d6 10. Qd3 Nd7 11. b3 a6 12. Be3 Rb8 13. Rac1 Ne5 14. Qd2 Ng4 15. Ba7 Ra8 16. Bd4 Bh6 17. f4 e5 18. Bf2 exf4 19. gxf4 Qa5 20. Bd4 Bg7 21. Bxg7 Kxg7 22. Qd4+ f6 23. h3 Nh6 24. e4 Qh5 25. Rf3 Bd7 26. Qd5 Qxd5 27. Nxd5 Rae8 28. Re3 f5 29. e5 dxe5 30. Rxe5 Rxe5 31. fxe5 Bc6 32. Nf4 Re8 33. Nd5 Rf8 34. e6 Re8 35. Nc7 Re7 1/2-1/2

[Event "Rubinstein Memorial-A 55th"]
[Site "Polanica Zdroj"]
[Date "2019.08.18"]
[Round "2"]
[White "Marszalek, Maciej"]
[Black "Hetzer, Volkhard"]
[Result "1/2-1/2"]
[WhiteElo "2295"]
[BlackElo "1931"]
[PlyCount "90"]
[EventDate "2019.08.17"]
[EventType "swiss"]
[EventRounds "9"]
[EventCountry "POL"]
[SourceTitle "EXT 2020"]
[Source "ChessBase"]
[SourceDate "2019.10.17"]
[SourceVersion "1"]
[SourceVersionDate "2019.10.17"]
[SourceQuality "1"]

1. d4 d5 2. c4 c6 3. Nf3 Nf6 4. Qb3 dxc4 5. Qxc4 Bg4 6. Nbd2 g6 7. g3 Bg7 8. Bg2 0-0 9. 0-0 Na6 10. e3 Qd5 11. Ne5 Qxc4 12. Ndxc4 Bf5 13. b3 Nd7 14. Nxd7 Bxd7 15. Ba3 Rfe8 16. Rac1 Nc7 17. h3 Nd5 18. Na5 Bc8 19. Rfd1 e6 20. Nc4 Bf8 21. Bc5 Rd8 22. Ne5 f6 23. Nd3 Kf7 24. a4 Bh6 25. Kh2 b6 26. Ba3 Bb7 27. Rc2 Bf8 28. Bb2 Rac8 29. a5 Ba6 30. Rcc1 Bxd3 31. Rxd3 bxa5 32. e4 Nb4 33. Rdd1 Bd6 34. Bf1 Bc7 35. Bc4 Bb6 36. Rd2 Rd7 37. Rcd1 Rcd8 38. Bc3 Ke7 39. Kg2 Kf7 40. h4 h5 41. Kf1 Ke7 42. Ke2 Kf7 43. Kf1 Ke7 44. Ke2 Kf7 45. Kf1 Ke7 1/2-1/2